| 000 | 00561nam a2200205Ia 4500 | ||
|---|---|---|---|
| 001 | 15704 | ||
| 003 | GE_BSU | ||
| 008 | 181216s||||||||xx |||||||||||||| ||und|| | ||
| 040 | _cGE_BSU | ||
| 080 | _a821.353.1-1 | ||
| 100 | _aწერეთელი, ა. | ||
| 245 | _aლექსები | ||
| 245 | _cრედ.მ.ჯგუბურია. მხ. დ. დუნდუა | ||
| 260 | _aთბილისი | ||
| 260 | _bნაკადული | ||
| 260 | _c1971 | ||
| 300 | _a41გვ.20სმ. | ||
| 653 | _aლექსები | ||
| 942 | _cBK | ||
| 999 |
_c48802 _d48802 |
||